| 000 | 00897nam a22002177a 4500 | ||
|---|---|---|---|
| 005 | 20180223125518.0 | ||
| 010 | _a1617EN B-663968 | ||
| 020 |
_a9788129139627 _c500.00 |
||
| 035 | _aB-648185-195 | ||
| 035 | _aB-663968 | ||
| 037 |
_adpl _bPansy |
||
| 082 | _a338.94 | ||
| 100 | _aChidambaram, P. | ||
| 245 |
_aStanding guard : _cby William Henry Hudson _ba year in opposition / |
||
| 260 |
_aNew Delhi _bRupa Pub. _c2016 |
||
| 270 |
_a7/16, Ansari Road, Daryaganj _bNew Delhi _e110002 |
||
| 300 |
_axx,206 p. _c24cm(pbk) |
||
| 942 |
_2ddc _cEN _h338.94 _mCHI |
||
| 999 |
_c102047 _d102047 |
||